| 000 | 00775cab a2200205 4500 | ||
|---|---|---|---|
| 001 | ABS44208 | ||
| 008 | 090401t1991 xxu||||| |||| 00| 0 eng d | ||
| 035 | _a(Sirsi) u45837 | ||
| 041 | _aeng | ||
| 245 | _aBuilding homes - Brighter prospects for council estates | ||
| 260 | _c1991 | ||
| 350 | _a0 | ||
| 490 |
_aBuilding _vSupplement 15 March 1991, 30 pages (LOAN) |
||
| 520 | _aSpecial feature on renovating council estates profiling three refurbishment schemes: Doddington Estate, Battersea; Hyde Park Flats, Sheffield and three estates in Birmingham. Lists useful addresses and publications of further interest. Product directory. | ||
| 650 | _aCOUNCIL HOUSING | ||
| 650 | _aHIGH RISE FLATS | ||
| 690 |
_aRefurbishment _96264 |
||
| 942 | _n0 | ||
| 948 | _c04/03/1997 | ||
| 999 |
_c29000 _d29000 |
||